| 000 | 01163naa a22003257a 4500 | ||
|---|---|---|---|
| 001 | BR9511975 | ||
| 003 | BR-BrBNA | ||
| 005 | 20240918181753.0 | ||
| 007 | ta | ||
| 008 | 230509b bl.||||| |||| 00| 0 por d | ||
| 040 |
_aBR-BrBNA _bpor _cBiblioteca Nacional de Agricultura |
||
| 041 | _a(Pt) | ||
| 072 |
_aH10 _b0120 _b4020 _b3877 |
||
| 090 | _aH10 BR9511975 | ||
| 100 | 1 | _aCaetano, W. | |
| 100 | 1 | _aBertoldo, N.G. | |
| 100 | 1 | _aCarlessi, L.R.G. | |
| 100 | 1 | _aHeineck, M.A. | |
| 100 | 1 | _aEick, V.L. | |
| 111 | 1 |
_a30. Reuniao Tecnica Anual do Milho _cPorto Alegre, RS (Brazil) _d6-8 Oct 1985 |
|
| 245 | 1 | _aControle da Spodoptera frugiperda com inseticidas piretroides e misturas de materiais atoxicos em milho | |
| 260 | 3 |
_aPorto Alegre, RS (Brasil): _c1985. |
|
| 500 | _a30. Reuniao Tecnica Anual do Milho. 1985. Ata Porto Alegre, RS (Brasil): 1985. p. 360-365 (BR9511975-AM)H10 | ||
| 650 | _aMilho | ||
| 650 | _aLagarta | ||
| 650 | _aInseticida Piretroide | ||
| 773 | 0 |
_t30. Reuniao Tecnica Anual do Milho. 1985. Ata _wH10 BR9511975 _gPorto Alegre, RS (Brasil), 1985. p. 360-365 |
|
| 909 |
_a202404 _bLucia _c55 _dLucia Elande |
||
| 942 |
_cAM _2AGRIS |
||
| 999 |
_c326748 _d326748 |
||